Born in Hartford/Connecticut - Statistics

General Stats
  • This quiz has been taken 22 times
    17 since last reset
  • The average score is 4 of 9
Answer Stats
Hint Answer % Correct
Businessman and inventor who made the mass production of revolvers commercially viable 1814 Samuel Colt
100%
Financier, founder of J.P. Morgan and co-founder of General Electric and U.S. Steel 1837 J. P. Morgan
67%
Actress, "The Philadelphia Story" "On Golden Pond" "Guess Who's Coming to Dinner" 1907 Katherine Hepburn
67%
Cytogeneticist who was awarded the 1983 Nobel Prize in Physiology or Medicine and only woman who has received an unshared Nobel Prize in that category 1902 Barbara McClintock
33%
Actor, "United 93" "War of the Worlds" "The Adjustment Bureau" 1968 David Alan Basche
33%
Hall of Fame defensive end who spent the most of his career with the Indianapolis Colts 1980 Dwight Freeney
33%
Author of the "Twilight" series 1973 Stephenie Meyer
33%
Author of "The Hunger Games" and "The Underland Chronicles" 1962 Suzanne Collins
33%
Actor, known for his role as Terry Silver in "Karate Kid Part III" and "Cobra Kai" 1962 Thomas Ian Griffith
33%
No matching quizzes found
Score Distribution
Percent of People with Each Score
Percentile by Number Answered
Your Score History
You have not taken this quiz since the last reset